Ante el dolor de los demás
Na minha lista:
| Autor principal: | |
|---|---|
| Formato: | Livro |
| Idioma: | espanhol |
| Publicado em: |
Buenos Aires
Alfaguara
2003
|
| Edição: | 1a. ed |
| Assuntos: | |
| Tags: |
Adicionar Tag
Sem tags, seja o primeiro a adicionar uma tag!
|
MARC
| LEADER | 00000nam a2200000 a 4500 | ||
|---|---|---|---|
| 001 | UCK6089 | ||
| 003 | CL-VaPUC | ||
| 008 | 050902e20031100AG |||||||||||||||||spa|d | ||
| 020 | |a 9505118902 | ||
| 082 | 0 | 4 | |a 303.6 |b SON |2 21 |
| 100 | 0 | |a Sontag, Susan |e author |9 495204 | |
| 245 | 1 | 0 | |a Ante el dolor de los demás |
| 250 | |a 1a. ed | ||
| 300 | |a 149 p | ||
| 942 | |c BK | ||
| 945 | |d 20050902 00:00:00 |a jcarroza | ||
| 260 | |a Buenos Aires |b Alfaguara |c 2003 | ||
| 650 | 0 | |a Guerra |9 255876 | |
| 650 | 0 | |a Aspectos sociales |9 254894 | |
| 650 | 0 | |a Fotografías |9 268494 | |
| 650 | 0 | |a Arte |9 265238 | |
| 583 | |a last modification |c 20050902 00:00:00 |k Rodrigo Vera | ||
| 999 | |c 314482 |d 314480 | ||
| 952 | |0 0 |1 0 |4 0 |6 303_600000000000000_SON_2003 |7 0 |8 A |9 386755 |a BIBART |b BIBART |d 2019-11-22 |i 4160800 |l 8 |m 2 |o 303.6 SON 2003 |p 4160800 |r 2025-04-29 |s 2025-04-04 |w 2019-11-22 |y BK |k ART | ||